000 00408nam a2200145Ia 4500
008 100204s9999 xx 000 0 und d
082 _b5139
100 _aशहा नितिन
245 _aयज्ञांग
260 _b"शशीदीप प्रकाशन , पुणे"
_c1982
300 _a188
630 _aयज्ञांग
730 _aयज्ञांग
942 _cBOOK
999 _c449771
_d449768